Obras completas de Joaquín V. González : edición ordenada por el Congreso de la Nación /
Guardado en:
| Autor Corporativo: | |
|---|---|
| Formato: | Libro |
| Idioma: | Spanish |
| Publicado: |
Buenos Aires :
Universidad Nacional de La Plata,
1935.
|
| Materias: | |
| Etiquetas: |
Agregar Etiqueta
Sin Etiquetas, Sea el primero en etiquetar este registro!
|
| LEADER | 00587nam a22001575a 4500 | ||
|---|---|---|---|
| 001 | EUN.um049413 | ||
| 003 | AR-BaUNS | ||
| 005 | 20050623122917.0 | ||
| 008 | 041125s1935####ag#a##########000#0#spa#d | ||
| 245 | 1 | 0 | |a Obras completas de Joaquín V. González : |b edición ordenada por el Congreso de la Nación / |c Universidad Nacional. |
| 260 | |a Buenos Aires : |b Universidad Nacional de La Plata, |c 1935. | ||
| 300 | |a 25 v. : |b ilus. ; |c 22 cm. | ||
| 082 | 0 | 4 | |a A860 |
| 653 | |a Literatura argentina | ||
| 110 | 2 | |a Universidad Nacional |c La Plata. | |
| 859 | |a Ar-BaUNS |b BIB. CENTRAL - Sector C |h A860 |i G589 |p 107130/997 |v v.21 | ||
